INFORMATION GUIDE: ESE, GATE, PSUs (Record no. 5470)

MARC details
000 -LEADER
fixed length control field 00278nam a22001217a 4500
005 - DATE AND TIME OF LATEST TRANSACTION
control field 20170620150504.0
008 - FIXED-LENGTH DATA ELEMENTS--GENERAL INFORMATION
fixed length control field 170620b xxu||||| |||| 00| 0 eng d
041 ## - LANGUAGE CODE
Language code of text/sound track or separate title eng
245 ## - TITLE STATEMENT
Title INFORMATION GUIDE: ESE, GATE, PSUs
260 ## - PUBLICATION, DISTRIBUTION, ETC. (IMPRINT)
Name of publisher ENGINEERS ACADEMY
300 ## - PHYSICAL DESCRIPTION
Number of Pages 23
942 ## - ADDED ENTRY ELEMENTS (KOHA)
Koha item type Books
Holdings
Lost status Damaged status Home library Current library Shelving location Date acquired Source of acquisition Accession Number Koha item type
    JRU Library   SHELF-6-D 20/06/2017 DONATION 21812 Books